[Event "Mittelfranken-ch HT 60th"]
[Site "Buechenbach/Roth"]
[Date "2011.04.22"]
[Round "8"]
[White "Hauernherm, Wolfgang"]
[Black "Rosin, Ralf"]
[Result "1/2-1/2"]
[WhiteElo "2002"]
[BlackElo "2029"]
[PlyCount "28"]
[EventDate "2011.04.19"]
[EventType "swiss"]
[EventRounds "9"]
[EventCountry "GER"]
[SourceTitle "CBM 142 Extra"]
[Source "ChessBase"]
[SourceDate "2011.06.27"]
[SourceVersion "1"]
[SourceVersionDate "2011.06.27"]
[SourceQuality "1"]

1. d4 d5 2. Nf3 Nf6 3. e3 e6 4. Bd3 c5 5. c3 Nc6 6. Nbd2 Bd6 7. 0-0 0-0 8. dxc5 Bxc5 9. e4 Qc7 10. Qe2 Ng4 11. h3 Nge5 12. Nxe5 Nxe5 13. exd5 exd5 14. Nb3 Nxd3 1/2-1/2

[Event "Mittelfranken-ch HT 60th"]
[Site "Buechenbach/Roth"]
[Date "2011.04.22"]
[Round "7"]
[White "Schanz, Karlheinz"]
[Black "Hauernherm, Wolfgang"]
[Result "0-1"]
[WhiteElo "1817"]
[BlackElo "2002"]
[PlyCount "72"]
[EventDate "2011.04.19"]
[EventType "swiss"]
[EventRounds "9"]
[EventCountry "GER"]
[SourceTitle "CBM 142 Extra"]
[Source "ChessBase"]
[SourceDate "2011.06.27"]
[SourceVersion "1"]
[SourceVersionDate "2011.06.27"]
[SourceQuality "1"]

1. d4 Nf6 2. Nf3 g6 3. g3 Bg7 4. Bg2 0-0 5. 0-0 d6 6. Bg5 c5 7. d5 Qb6 8. Bc1 e6 9. c4 exd5 10. cxd5 Re8 11. Nc3 a6 12. Nd2 Qc7 13. a4 Nbd7 14. Nc4 Ne5 15. Nxe5 Rxe5 16. Bf4 Re8 17. e4 Nd7 18. Qc2 Rb8 19. a5 Ne5 20. Ne2 b5 21. axb6 Qxb6 22. Rab1 Bd7 23. Rfd1 Bg4 24. h3 Bd7 25. Nc1 Rec8 26. Be3 Qb4 27. Bf1 Ba4 28. b3 c4 29. Na2 Qxb3 30. Rxb3 cxb3 31. Qxc8+ Rxc8 32. Nb4 b2 33. Rb1 Rb8 34. Nxa6 Bc2 35. Nxb8 Bxb1 36. f4 Nf3+ 0-1

[Event "Regionalliga NO 1011"]
[Site "Bayern"]
[Date "2011.01.16"]
[Round "5.1"]
[White "Klek, Hanna Marie"]
[Black "Hauernherm, Wolfgang"]
[Result "1-0"]
[WhiteElo "2160"]
[BlackElo "2066"]
[PlyCount "53"]
[EventDate "2010.10.10"]
[EventType "team-tourn"]
[EventRounds "9"]
[EventCountry "GER"]
[SourceTitle "EXT 2012"]
[Source "ChessBase"]
[SourceDate "2011.11.24"]
[SourceVersion "1"]
[SourceVersionDate "2011.11.24"]
[SourceQuality "1"]
[WhiteTeam "Erlangen"]
[BlackTeam "Lauf"]
[WhiteTeamCountry "GER"]
[BlackTeamCountry "GER"]

1. e4 c6 2. d4 d5 3. e5 Bf5 4. Nd2 e6 5. Nb3 Nd7 6. Nf3 f6 7. exf6 Ngxf6 8. Be2 Bd6 9. Bg5 Qc7 10. 0-0 0-0 11. c4 e5 12. dxe5 Nxe5 13. Nfd4 Ne4 14. cxd5 Nxg5 15. f4 Ng6 16. fxg5 Bxh2+ 17. Kh1 Be4 18. Bf3 Bxd5 19. Bxd5+ cxd5 20. Nf3 Bf4 21. Qxd5+ Qf7 22. Rad1 Rae8 23. Nc5 Ne5 24. Nxe5 Qxd5 25. Rxd5 Bxe5 26. Rxf8+ Kxf8 27. Rxe5 1-0

[Event "Regionalliga NO 1011"]
[Site "Bayern"]
[Date "2010.10.10"]
[Round "1.1"]
[White "Mueller, Christian2222"]
[Black "Hauernherm, Wolfgang"]
[Result "1-0"]
[WhiteElo "2098"]
[BlackElo "2066"]
[PlyCount "97"]
[EventDate "2010.10.10"]
[EventType "team-tourn"]
[EventRounds "9"]
[EventCountry "GER"]
[SourceTitle "EXT 2012"]
[Source "ChessBase"]
[SourceDate "2011.11.24"]
[SourceVersion "1"]
[SourceVersionDate "2011.11.24"]
[SourceQuality "1"]
[WhiteTeam "Windischeschenbach"]
[BlackTeam "Lauf"]
[WhiteTeamCountry "GER"]
[BlackTeamCountry "GER"]

1. d4 Nf6 2. Nf3 g6 3. c4 Bg7 4. Nc3 d5 5. Bg5 Ne4 6. cxd5 Nxg5 7. Nxg5 e6 8. Nf3 exd5 9. b4 0-0 10. e3 c6 11. Qb3 Qd6 12. Be2 Re8 13. 0-0 Nd7 14. Rfc1 Nf6 15. b5 Ne4 16. bxc6 bxc6 17. Na4 Rb8 18. Qc2 Bd7 19. Nd2 Nxd2 20. Qxd2 Qa3 21. Nc5 Bf5 22. Bd3 Bxd3 23. Qxd3 Qxd3 24. Nxd3 Rb6 25. Rc2 Rc8 26. Rac1 f6 27. Nf4 Rcb8 28. g3 g5 29. Nd3 Rc8 30. Rc5 Bf8 31. Ra5 Rc7 32. Rxd5 Ra6 33. Rd8 Kf7 34. Rc2 Ra3 35. Nc1 Be7 36. Rb8 Ke6 37. Rb3 Kd5 38. f3 f5 39. Kf2 Rxb3 40. Nxb3 Rb7 41. Ke2 Rb5 42. Kd3 g4 43. fxg4 fxg4 44. e4+ Kd6 45. Rc5 Rb7 46. Rh5 Bf8 47. Rf5 Be7 48. Rf7 h5 49. Nc5 1-0

[Event "Nuremberg Zabo op 12th"]
[Site "Nuremberg"]
[Date "2010.09.19"]
[Round "4"]
[White "Leopold, Christian"]
[Black "Hauernherm, Wolfgang"]
[Result "1/2-1/2"]
[WhiteElo "1982"]
[BlackElo "2077"]
[PlyCount "87"]
[EventDate "2010.09.17"]
[EventType "swiss"]
[EventRounds "5"]
[EventCountry "GER"]
[SourceTitle "EXT 2011"]
[Source "ChessBase"]
[SourceDate "2010.11.26"]
[SourceVersion "1"]
[SourceVersionDate "2010.11.26"]
[SourceQuality "1"]

1. e4 c6 2. c4 d5 3. exd5 cxd5 4. cxd5 Nf6 5. Nc3 Nxd5 6. Nf3 e6 7. Bc4 Be7 8. 0-0 0-0 9. Re1 Nc6 10. d4 Nxc3 11. bxc3 b6 12. Bd3 Bb7 13. Ne5 Nxe5 14. Rxe5 Bf6 15. Re3 g6 16. Qg4 Rc8 17. Bd2 Bg7 18. Rh3 Qd5 19. Bf1 e5 20. Qh4 h5 21. Be3 Rxc3 22. dxe5 Bc8 23. Rg3 Bxe5 24. Qxh5 Qe4 25. Qh6 Bxg3 26. hxg3 Re8 27. Re1 Bd7 28. Rd1 Rxe3 29. Qxe3 Qxe3 30. fxe3 Be6 31. Rd2 Rc8 32. Bb5 Rc3 33. a4 Rxe3 34. Rd8+ Kg7 35. Ra8 a5 36. Rb8 Rxg3 37. Kh2 Ra3 38. Rxb6 Bd5 39. g4 Bb3 40. Ra6 Bxa4 41. Rxa5 Ra2+ 42. Kg3 Bb3 43. Rxa2 Bxa2 44. g5 1/2-1/2

[Event "Mittelfranken-chTB1 0910"]
[Site "Mittelfranken"]
[Date "2009.10.25"]
[Round "2.3"]
[White "Hauernherm, Wolfgang"]
[Black "Pasedag, Peter"]
[Result "0-1"]
[WhiteElo "2009"]
[BlackElo "2139"]
[PlyCount "74"]
[EventDate "2009.10.11"]
[EventType "team-tourn"]
[EventRounds "9"]
[EventCountry "GER"]
[SourceTitle "EXT 2011"]
[Source "ChessBase"]
[SourceDate "2010.11.26"]
[SourceVersion "1"]
[SourceVersionDate "2010.11.26"]
[SourceQuality "1"]
[WhiteTeam "Lauf"]
[BlackTeam "Fuerth SF"]
[WhiteTeamCountry "GER"]
[BlackTeamCountry "GER"]

1. d4 d5 2. Nf3 c6 3. e3 Bf5 4. Bd3 Bxd3 5. Qxd3 Nf6 6. Nc3 Nbd7 7. e4 dxe4 8. Nxe4 Nxe4 9. Qxe4 Nf6 10. Qe2 h6 11. 0-0 e6 12. Bf4 Be7 13. Rad1 0-0 14. Rfe1 a5 15. a4 Qb6 16. b3 Nd5 17. Bd2 Bb4 18. Qd3 Bxd2 19. Rxd2 Rfd8 20. Ne5 Qc7 21. Qf3 Rab8 22. c4 Nb4 23. Qc3 b6 24. Nd3 Nxd3 25. Rxd3 Rd7 26. g3 Rbd8 27. Red1 Qa7 28. f4 g6 29. Kg2 Rd6 30. b4 axb4 31. Qxb4 c5 32. Qc3 Qxa4 33. dxc5 Qc6+ 34. Kh3 Qxc5 35. Rxd6 Rxd6 36. Ra1 Rd8 37. Rb1 Qf5+ 0-1

[Event "Nuremberg LGA Cup 6th"]
[Site "Nuremberg"]
[Date "2009.09.06"]
[Round "6"]
[White "Thuerauf, Peter"]
[Black "Hauernherm, Wolfgang"]
[Result "0-1"]
[WhiteElo "1917"]
[BlackElo "2092"]
[PlyCount "154"]
[EventDate "2009.09.03"]
[EventType "swiss"]
[EventRounds "7"]
[EventCountry "GER"]
[SourceTitle "CBM 132 Extra"]
[Source "ChessBase"]
[SourceDate "2009.11.03"]
[SourceVersion "1"]
[SourceVersionDate "2009.11.03"]
[SourceQuality "1"]

1. Nf3 f5 2. d4 Nf6 3. c4 e6 4. g3 d5 5. Bg2 Be7 6. 0-0 0-0 7. Nc3 c6 8. b3 Qe8 9. Qc2 Nbd7 10. Ne1 Ne4 11. Nd3 g5 12. f3 Nxc3 13. Qxc3 Qh5 14. Bd2 Bf6 15. cxd5 exd5 16. e4 dxe4 17. fxe4 fxe4 18. Bxe4 Nb6 19. Qc5 Bh3 20. Nf4 Qg4 21. Nxh3 Qxe4 22. Nf2 Qxd4 23. Be3 Qxc5 24. Bxc5 Bxa1 25. Bxf8 Rxf8 26. Rxa1 Re8 27. Kf1 Nd5 28. Rc1 Kg7 29. Nd1 Kg6 30. Rc5 Re6 31. Kf2 Nf6 32. Rc2 Ng4+ 33. Kf3 h5 34. h3 Ne5+ 35. Kg2 Rd6 36. Nf2 Rd4 37. Re2 Kf5 38. Rc2 Ke6 39. Re2 Kd5 40. Rc2 c5 41. Rb2 b5 42. Rb1 Nd3 43. Nd1 Nb4 44. Nc3+ Kc6 45. Rb2 Nd5 46. Ne2 Rd3 47. Nc1 Ne3+ 48. Kf3 Rd1 49. Ne2 Nd5 50. Ke4 Rf1 51. Rc2 Nb4 52. Rd2 Ra1 53. Nc3 Rc1 54. Ne2 Rf1 55. a3 Na6 56. Rc2 Nc7 57. Nd4+ Kb6 58. Nf3 Ra1 59. Nxg5 Rxa3 60. Rb2 c4 61. bxc4 Ra4 62. Rc2 Kc5 63. Ke5 Rxc4 64. Ra2 Kb6 65. Ne4 a5 66. g4 hxg4 67. hxg4 b4 68. g5 b3 69. Rb2 a4 70. g6 Ne8 71. Kd5 Rc2 72. Rb1 Kb5 73. Kd4 Kb4 74. Kd3 a3 75. Nd2 Rc3+ 76. Kd4 a2 77. Ra1 Rc2 0-1

[Event "Nuremberg LGA Cup 6th"]
[Site "Nuremberg"]
[Date "2009.09.04"]
[Round "2"]
[White "Zarafat, Daniel"]
[Black "Hauernherm, Wolfgang"]
[Result "0-1"]
[WhiteElo "1833"]
[BlackElo "2092"]
[PlyCount "60"]
[EventDate "2009.09.03"]
[EventType "swiss"]
[EventRounds "7"]
[EventCountry "GER"]
[SourceTitle "CBM 132 Extra"]
[Source "ChessBase"]
[SourceDate "2009.11.03"]
[SourceVersion "1"]
[SourceVersionDate "2009.11.03"]
[SourceQuality "1"]

1. e4 c6 2. Ne2 d5 3. e5 d4 4. Ng3 Be6 5. d3 Qa5+ 6. Nd2 Qxe5+ 7. Be2 g6 8. 0-0 Bg7 9. Bf3 Nd7 10. Re1 Qc7 11. Nde4 Ngf6 12. Qe2 0-0 13. Ng5 Bd5 14. Qxe7 Rae8 15. Qb4 Ne5 16. Bxd5 Nxd5 17. Qd2 h6 18. N5e4 f5 19. Nc5 Qe7 20. Nb3 Nf3+ 21. gxf3 Qxe1+ 22. Kg2 Qe7 23. Qd1 Qh4 24. Bd2 Rf7 25. Qf1 Rfe7 26. Rc1 Bf6 27. Rd1 Bg5 28. Bxg5 hxg5 29. a3 Rh7 30. Qg1 f4 0-1

[Event "Mittelfranken-chTB1 0809"]
[Site "Mittelfranken"]
[Date "2008.10.26"]
[Round "2.4"]
[White "Hauernherm, Wolfgang"]
[Black "Ulusoy, Tolga"]
[Result "1/2-1/2"]
[WhiteElo "1997"]
[BlackElo "1974"]
[PlyCount "93"]
[EventDate "2008.10.12"]
[EventType "team"]
[EventRounds "9"]
[EventCountry "GER"]
[SourceTitle "EXT 2011"]
[Source "ChessBase"]
[SourceDate "2010.11.26"]
[SourceVersion "1"]
[SourceVersionDate "2010.11.26"]
[SourceQuality "1"]
[WhiteTeam "Lauf"]
[BlackTeam "Nuernberg NT III"]
[WhiteTeamCountry "GER"]
[BlackTeamCountry "GER"]

1. d4 Nf6 2. Nf3 c5 3. d5 g6 4. c4 b5 5. cxb5 a6 6. bxa6 Bxa6 7. Nc3 Bg7 8. e4 Bxf1 9. Kxf1 d6 10. g3 0-0 11. Kg2 Nbd7 12. Re1 Ng4 13. Re2 Qa5 14. Rc2 Rfb8 15. Bf4 Ra7 16. Rac1 Rab7 17. Qd2 Rb4 18. b3 Qa6 19. Re1 Rc8 20. Qe2 Qa8 21. Nd2 Nge5 22. Bg5 f6 23. Bf4 c4 24. Bxe5 Nxe5 25. bxc4 Nxc4 26. Nd1 Na3 27. Rxc8+ Qxc8 28. Ne3 Rb2 29. Nec4 Nxc4 30. Qxc4 Qxc4 31. Nxc4 Rxa2 32. Kf3 Ra4 33. Nd2 Ra3+ 34. Re3 Rxe3+ 35. Kxe3 Bh6+ 36. f4 g5 37. Nf3 gxf4+ 38. gxf4 Kg7 39. Nh4 Kf7 40. Nf5 Bf8 41. Kf3 e6 42. dxe6+ Kxe6 43. Nd4+ Kf7 44. Kg4 Kg6 45. h4 h5+ 46. Kf3 Be7 47. Nf5 1/2-1/2

[Event "Mittelfrankenliga-B2a 0708"]
[Site "Mittelfranken"]
[Date "2008.03.02"]
[Round "7.1"]
[White "Guenther, Torsten"]
[Black "Hauernherm, Wolfgang"]
[Result "1-0"]
[WhiteElo "2023"]
[BlackElo "2031"]
[PlyCount "75"]
[EventDate "2007.10.14"]
[EventType "team-tourn"]
[EventRounds "9"]
[EventCountry "GER"]
[SourceTitle "EXT 2011"]
[Source "ChessBase"]
[SourceDate "2010.11.26"]
[SourceVersion "1"]
[SourceVersionDate "2010.11.26"]
[SourceQuality "1"]
[WhiteTeam "Erlangen Siemens"]
[BlackTeam "Lauf"]
[WhiteTeamCountry "GER"]
[BlackTeamCountry "GER"]

1. c4 e5 2. g3 Nc6 3. Bg2 g6 4. e4 Bg7 5. Ne2 Nge7 6. 0-0 d6 7. d3 Bg4 8. f3 Be6 9. Nbc3 Qd7 10. Nd5 0-0 11. Qb3 Rab8 12. Be3 b5 13. Qc2 bxc4 14. dxc4 Nd4 15. Qd2 Nxe2+ 16. Qxe2 Nc6 17. b3 Nd4 18. Qd2 c6 19. Nc3 Qc7 20. Ne2 c5 21. Rad1 a5 22. Nc3 Rb4 23. f4 a4 24. f5 gxf5 25. exf5 Nxf5 26. Rxf5 Bxf5 27. Nd5 Qd7 28. Nxb4 cxb4 29. Qxb4 axb3 30. axb3 Rd8 31. c5 Qa7 32. Qb6 Qxb6 33. cxb6 Bg4 34. Ra1 e4 35. Ra7 d5 36. b7 Be5 37. Ra8 Bb8 38. Bf4 1-0

[Event "Mittelfrankenliga-B2a 0708"]
[Site "Mittelfranken"]
[Date "2008.02.17"]
[Round "6.1"]
[White "Hauernherm, Wolfgang"]
[Black "Endres, Christian"]
[Result "0-1"]
[WhiteElo "2031"]
[BlackElo "2002"]
[PlyCount "76"]
[EventDate "2007.10.14"]
[EventType "team-tourn"]
[EventRounds "9"]
[EventCountry "GER"]
[SourceTitle "EXT 2011"]
[Source "ChessBase"]
[SourceDate "2010.11.26"]
[SourceVersion "1"]
[SourceVersionDate "2010.11.26"]
[SourceQuality "1"]
[WhiteTeam "Lauf"]
[BlackTeam "Altensittenbach II"]
[WhiteTeamCountry "GER"]
[BlackTeamCountry "GER"]

1. d4 Nf6 2. Nf3 c5 3. d5 e6 4. dxe6 fxe6 5. Bg5 Be7 6. e3 d5 7. c3 Nbd7 8. Be2 b6 9. Na3 Bb7 10. Bf4 Nh5 11. Bg3 0-0 12. Qc2 a6 13. c4 g6 14. 0-0-0 b5 15. cxb5 c4 16. Nd4 Nxg3 17. hxg3 Qb6 18. Bg4 Nc5 19. Kb1 axb5 20. Rh6 Rf7 21. Qe2 b4 22. Nac2 e5 23. Nf5 Bg5 24. f4 Rxf5 25. fxg5 Rf7 26. Bf3 Nd3 27. e4 d4 28. Rxd3 cxd3 29. Qxd3 Bc8 30. Qb3 Be6 31. Qxb4 Bxa2+ 32. Kc1 Qxb4 33. Nxb4 Rc7+ 34. Kd2 Rb8 35. Nd3 Bb1 36. Nxe5 Rxb2+ 37. Kd1 d3 38. Ng4 d2 0-1

[Event "Mittelfrankenliga-B2a 0607"]
[Site "Mittelfranken"]
[Date "2006.11.12"]
[Round "2.2"]
[White "Lutzky, Manfred"]
[Black "Hauernherm, Wolfgang"]
[Result "1-0"]
[WhiteElo "1889"]
[BlackElo "2063"]
[PlyCount "87"]
[EventDate "2006.10.22"]
[EventType "team-tourn"]
[EventRounds "9"]
[EventCountry "GER"]
[SourceTitle "EXT 2011"]
[Source "ChessBase"]
[SourceDate "2010.11.26"]
[SourceVersion "1"]
[SourceVersionDate "2010.11.26"]
[SourceQuality "1"]
[WhiteTeam "Nuernberg NT IV"]
[BlackTeam "Lauf"]
[WhiteTeamCountry "GER"]
[BlackTeamCountry "GER"]

1. e4 d6 2. d4 Nf6 3. Nc3 c6 4. Nf3 Bg4 5. Be2 e6 6. 0-0 Be7 7. h3 Bh5 8. Be3 0-0 9. Nh2 Bxe2 10. Qxe2 d5 11. e5 Nfd7 12. Qg4 Kh8 13. f4 c5 14. f5 cxd4 15. Bxd4 Nc6 16. fxe6 Nxd4 17. exd7 Nxc2 18. Nxd5 Nxa1 19. Rxa1 Qa5 20. Nxe7 Qc5+ 21. Kh1 Qxe7 22. Nf3 h6 23. Rd1 Rad8 24. Qd4 Kg8 25. Qd5 Qe6 26. Qxb7 Qxa2 27. Rd2 Qa5 28. Qd5 Qc7 29. b3 Kh7 30. Qd6 Qb7 31. b4 Rg8 32. Rd5 g5 33. Nd4 Rg6 34. e6 fxe6 35. Nxe6 Rxe6 36. Qxe6 Qc7 37. Qe7+ Kh8 38. Qf6+ Kh7 39. Qf7+ Kh8 40. Qf6+ Kh7 41. Qf5+ Kh8 42. Rd1 Qf4 43. Qe6 Qf8 44. Kg1 1-0

[Event "Mittelfranken-ch HT 55th"]
[Site "Postbauer"]
[Date "2006.04.13"]
[Round "6.4"]
[White "Hauernherm, Wolfgang"]
[Black "Walther, Reinhard"]
[Result "0-1"]
[WhiteElo "2036"]
[BlackElo "2006"]
[PlyCount "72"]
[EventDate "2006.04.11"]
[EventType "swiss"]
[EventRounds "9"]
[EventCountry "GER"]
[SourceTitle "EXT 2011"]
[Source "ChessBase"]
[SourceDate "2010.11.26"]
[SourceVersion "1"]
[SourceVersionDate "2010.11.26"]
[SourceQuality "1"]

1. d4 d5 2. Nf3 Nf6 3. e3 Bg4 4. c4 c6 5. Nc3 Nbd7 6. cxd5 cxd5 7. Qb3 Bxf3 8. gxf3 Qb6 9. Nxd5 Nxd5 10. Qxd5 Qb4+ 11. Kd1 a6 12. Qc4 Qd6 13. f4 e5 14. fxe5 Nxe5 15. Qa4+ Nd7 16. Bg2 Rb8 17. Bd2 Be7 18. Rc1 0-0 19. Ke2 Rfd8 20. Ba5 Rdc8 21. a3 b5 22. Qb3 Qg6 23. Bf3 Nb6 24. Qd3 Qh6 25. Qe4 Nc4 26. Qxe7 Re8 27. Qc7 Nxe3 28. Be4 Nc4 29. Kf3 Nxa5 30. Qf4 Qh3+ 31. Ke2 f5 32. Rc3 Qh5+ 33. Kd2 Nc4+ 34. Kc1 fxe4 35. Rg1 Qf7 36. Qg5 Rb6 0-1

[Event "Mittelfranken-ch HT 55th"]
[Site "Postbauer"]
[Date "2006.04.11"]
[Round "1.6"]
[White "Habermann, Manfred"]
[Black "Hauernherm, Wolfgang"]
[Result "0-1"]
[WhiteElo "1903"]
[BlackElo "2036"]
[PlyCount "82"]
[EventDate "2006.04.11"]
[EventType "swiss"]
[EventRounds "9"]
[EventCountry "GER"]
[SourceTitle "EXT 2011"]
[Source "ChessBase"]
[SourceDate "2010.11.26"]
[SourceVersion "1"]
[SourceVersionDate "2010.11.26"]
[SourceQuality "1"]

1. d4 Nf6 2. g3 g6 3. Bg2 Bg7 4. e4 d6 5. Ne2 0-0 6. 0-0 Nbd7 7. b3 c5 8. Bb2 cxd4 9. Bxd4 Nc5 10. e5 Ng4 11. exd6 Qxd6 12. Bxg7 Qxd1 13. Rxd1 Kxg7 14. b4 Na4 15. h3 Ne5 16. a3 Rb8 17. Nbc3 Nxc3 18. Nxc3 Be6 19. Nd5 Rfc8 20. f4 Nc4 21. Nxe7 Rd8 22. Nd5 Nb2 23. Rd4 Rbc8 24. Rd2 Rd7 25. c3 Na4 26. Rd3 Rcd8 27. c4 b5 28. Re3 bxc4 29. Nc3 Nb2 30. Rae1 Rd2 31. Ne4 Nd3 32. R1e2 Rd1+ 33. Kh2 Ra1 34. Rd2 Rxa3 35. Nc5 Nxc5 36. Rxd8 Rxe3 37. bxc5 c3 38. Rd1 c2 39. Rc1 Re2 40. Kg1 Rd2 41. Bf3 Bd5 0-1

[Event "Mittelfrankenliga-B2a 0506"]
[Site "Germany"]
[Date "2006.03.19"]
[Round "7.2"]
[White "Hauernherm, Wolfgang"]
[Black "Koschka, Robert"]
[Result "1-0"]
[WhiteElo "2071"]
[BlackElo "1834"]
[PlyCount "87"]
[EventDate "2005.10.16"]
[EventType "team"]
[EventRounds "9"]
[EventCountry "GER"]
[SourceTitle "EXT 2007"]
[Source "ChessBase"]
[SourceDate "2006.11.23"]
[SourceVersion "1"]
[SourceVersionDate "2006.11.23"]
[SourceQuality "1"]

1. Nf3 g6 2. d4 d5 3. e3 Bg7 4. Bd3 Bg4 5. h3 Bxf3 6. Qxf3 c5 7. dxc5 e5 8. 0-0 Nc6 9. Bb5 e4 10. Qe2 a6 11. Bxc6+ bxc6 12. Nd2 f5 13. Nb3 Ne7 14. Nd4 Qd7 15. b4 0-0 16. c3 g5 17. a4 f4 18. Qg4 Qxg4 19. hxg4 f3 20. Bd2 fxg2 21. Kxg2 Bxd4 22. cxd4 Ng6 23. f4 exf3+ 24. Kg3 Nh4 25. Ra3 Rab8 26. Rb3 Rb7 27. e4 dxe4 28. Bxg5 Ng2 29. b5 axb5 30. axb5 cxb5 31. c6 Rc7 32. d5 Rb8 33. Bf4 Nxf4 34. Kxf4 Re8 35. Rxb5 Rf7+ 36. Ke3 Rc7 37. Rc5 Rd8 38. Kxe4 Re7+ 39. Kxf3 Rf8+ 40. Kg2 Re2+ 41. Kg1 Rc8 42. d6 Rd2 43. d7 Rc7 44. Rg5+ 1-0

[Event "Mittelfrankenliga-B2a 0506"]
[Site "Germany"]
[Date "2006.01.15"]
[Round "4.2"]
[White "Hannweber, Markus"]
[Black "Hauernherm, Wolfgang"]
[Result "1/2-1/2"]
[WhiteElo "1853"]
[BlackElo "2071"]
[PlyCount "61"]
[EventDate "2005.10.16"]
[EventType "team"]
[EventRounds "9"]
[EventCountry "GER"]
[SourceTitle "EXT 2007"]
[Source "ChessBase"]
[SourceDate "2006.11.23"]
[SourceVersion "1"]
[SourceVersionDate "2006.11.23"]
[SourceQuality "1"]

1. e4 d6 2. d4 Nf6 3. Bd3 e5 4. Nf3 c6 5. 0-0 Nbd7 6. c3 Be7 7. Bg5 0-0 8. Nbd2 Re8 9. Re1 Qc7 10. h3 Bf8 11. Bc4 b5 12. Bb3 Bb7 13. dxe5 dxe5 14. Nf1 h6 15. Bh4 c5 16. Bc2 c4 17. a4 a6 18. N3d2 Rad8 19. Qe2 Qc6 20. f3 Nc5 21. axb5 axb5 22. Ne3 Nd3 23. Bxd3 Rxd3 24. Ndf1 Bc5 25. Bf2 Nh5 26. g3 Qg6 27. Kh2 Qb6 28. Ng4 Bxf2 29. Nxf2 Rd7 30. Rad1 Red8 31. Kg2 1/2-1/2

[Event "Mittelfrankenliga-B2a 0506"]
[Site "Germany"]
[Date "2005.12.04"]
[Round "3.2"]
[White "Hauernherm, Wolfgang"]
[Black "Simon, Martin"]
[Result "1-0"]
[WhiteElo "2071"]
[BlackElo "1916"]
[PlyCount "149"]
[EventDate "2005.10.16"]
[EventType "team"]
[EventRounds "9"]
[EventCountry "GER"]
[SourceTitle "EXT 2007"]
[Source "ChessBase"]
[SourceDate "2006.11.23"]
[SourceVersion "1"]
[SourceVersionDate "2006.11.23"]
[SourceQuality "1"]

1. d4 e6 2. Nf3 Nf6 3. Bg5 Be7 4. e3 b6 5. Bd3 Bb7 6. Nbd2 d5 7. Qe2 0-0 8. 0-0 Nbd7 9. Rad1 c5 10. c3 Qc7 11. Bf4 Bd6 12. Bxd6 Qxd6 13. e4 c4 14. Bb1 Nxe4 15. Nxe4 dxe4 16. Bxe4 Bxe4 17. Qxe4 Nf6 18. Qh4 Rfd8 19. Ne5 Rac8 20. Rde1 Qe7 21. f4 Nd5 22. Qh3 f6 23. Ng4 Rc6 24. Ne3 Qf7 25. Qf3 Qd7 26. Re2 Nxe3 27. Rxe3 Qd5 28. Qh3 Rcd6 29. Rfe1 f5 30. Re5 Qc6 31. Qe3 Kf7 32. d5 Rxd5 33. Rxe6 Qc5 34. Re7+ Kf8 35. Rxa7 Qxe3+ 36. Rxe3 Rd2 37. Ree7 Rxb2 38. Rf7+ Kg8 39. Rxg7+ Kf8 40. h4 Rxa2 41. Raf7+ Ke8 42. Rxf5 Rd1+ 43. Kh2 Rd7 44. Re5+ Kd8 45. Rxd7+ Kxd7 46. Kg3 Ra3 47. Re3 b5 48. Kf3 Rb3 49. Ke4 Rb2 50. g3 Rd2 51. f5 Ke7 52. g4 Rh2 53. h5 Kf6 54. Kf4 Rf2+ 55. Rf3 Rg2 56. h6 Rg1 57. Rf2 Rc1 58. g5+ Kf7 59. Rf3 b4 60. cxb4 c3 61. b5 c2 62. Rf2 Rb1 63. Rxc2 Rb4+ 64. Ke3 Rxb5 65. Rc7+ Kg8 66. Ke4 Ra5 67. Rg7+ Kh8 68. Rd7 Kg8 69. g6 hxg6 70. fxg6 Ra4+ 71. Ke5 Ra5+ 72. Ke6 Ra6+ 73. Rd6 Ra8 74. Ke7 Ra7+ 75. Rd7 1-0

[Event "Mittelfrankenliga-B2a 0506"]
[Site "Germany"]
[Date "2005.10.16"]
[Round "1.2"]
[White "Aronov, Maksym"]
[Black "Hauernherm, Wolfgang"]
[Result "1-0"]
[WhiteElo "2291"]
[BlackElo "2071"]
[PlyCount "47"]
[EventDate "2005.10.16"]
[EventType "team"]
[EventRounds "9"]
[EventCountry "GER"]
[SourceTitle "EXT 2007"]
[Source "ChessBase"]
[SourceDate "2006.11.23"]
[SourceVersion "1"]
[SourceVersionDate "2006.11.23"]
[SourceQuality "1"]

1. e4 d6 2. d4 Nf6 3. Nc3 c6 4. Bg5 Nbd7 5. Nf3 e5 6. Be2 Be7 7. 0-0 0-0 8. Re1 Qc7 9. Qd2 Re8 10. h3 b5 11. a3 a6 12. Rad1 Bb7 13. Bf1 Bf8 14. dxe5 dxe5 15. Nh4 g6 16. Ne2 c5 17. Ng3 Qc6 18. Bh6 Rad8 19. Qg5 Bxh6 20. Qxh6 Re6 21. Ngf5 Ne8 22. Rd6 Qc7 23. Rxe6 fxe6 24. Ne7+ 1-0

[Event "Mittelfranken-ch HT 54th"]
[Site "Forchheim"]
[Date "2005.03.26"]
[Round "9"]
[White "Hauernherm, Wolfgang"]
[Black "Glitz, Martin"]
[Result "1/2-1/2"]
[WhiteElo "2113"]
[BlackElo "2060"]
[PlyCount "38"]
[EventDate "2005.03.22"]
[EventType "swiss"]
[EventRounds "9"]
[EventCountry "GER"]
[SourceTitle "EXT 2011"]
[Source "ChessBase"]
[SourceDate "2010.11.26"]
[SourceVersion "1"]
[SourceVersionDate "2010.11.26"]
[SourceQuality "1"]

1. e4 d6 2. d4 Nf6 3. Nc3 c6 4. Nf3 Bg4 5. Be2 Qc7 6. h3 Bxf3 7. Bxf3 e5 8. Be3 Nbd7 9. 0-0 Be7 10. dxe5 dxe5 11. Qe2 0-0 12. Rfd1 Rfd8 13. Rd2 b5 14. a3 a5 15. a4 b4 16. Nd1 Nc5 17. Rxd8+ Rxd8 18. Bxc5 Bxc5 19. Ne3 Bxe3 1/2-1/2

[Event "Mittelfranken-ch HT 54th"]
[Site "Forchheim"]
[Date "2005.03.25"]
[Round "7"]
[White "Hauernherm, Wolfgang"]
[Black "Zwanzger, Johannes"]
[Result "1/2-1/2"]
[WhiteElo "2113"]
[BlackElo "2342"]
[PlyCount "98"]
[EventDate "2005.03.22"]
[EventType "swiss"]
[EventRounds "9"]
[EventCountry "GER"]
[SourceTitle "EXT 2011"]
[Source "ChessBase"]
[SourceDate "2010.11.26"]
[SourceVersion "1"]
[SourceVersionDate "2010.11.26"]
[SourceQuality "1"]

1. d4 d5 2. Nf3 Nf6 3. e3 g6 4. Bd3 Bg7 5. Nbd2 0-0 6. 0-0 e6 7. c3 Nbd7 8. e4 dxe4 9. Nxe4 Nxe4 10. Bxe4 Nf6 11. Bc2 b6 12. Bg5 Bb7 13. Re1 Qd6 14. Bxf6 Bxf6 15. Ne5 Rad8 16. Qe2 c5 17. Ng4 Bg7 18. dxc5 Qxc5 19. Rad1 Qc6 20. f3 Qc7 21. Bb3 h5 22. Nf2 Rxd1 23. Rxd1 Be5 24. h3 Bg3 25. Ne4 Bxe4 26. Qxe4 Rd8 27. Rxd8+ Qxd8 28. Qe3 Qd6 29. Bc2 Bf4 30. Qd3 Qc5+ 31. Kf1 Bg3 32. Qe2 Qg5 33. Bd1 Bh4 34. g4 hxg4 35. hxg4 Qf4 36. b3 Bf6 37. c4 Bd4 38. Kg2 Kg7 39. Qe4 Qxe4 40. fxe4 Kf6 41. a4 Ke5 42. Kf3 a5 43. c5 Bxc5 44. Be2 Kd4 45. Bb5 f6 46. Bc4 Ke5 47. Bb5 f5 48. gxf5 gxf5 49. exf5 Kxf5 1/2-1/2